000 00441nam a2200157Ia 4500
999 _c13331
_d13331
003 OSt
005 20201022132550.0
008 190216s9999||||xx |||||||||||||| ||und||
040 _coclc
082 _a823.914
_bBON/S
100 _aBond, James
_96076
245 0 _aThe Spy Who Loved Me /
_cJames Bond
260 _bPanther Books,
_aLondon:
_c1983.
300 _a222p
942 _cBK
_2ddc
_h823.914
_iBON/S
_k823.914
_mBON/S